| 000 | 00542nam a2200193Ia 4500 | ||
|---|---|---|---|
| 003 | OSt | ||
| 005 | 20250610100145.0 | ||
| 008 | 210210b1986 xxu||||| |||| 00| 0 eng d | ||
| 040 | _cAL | ||
| 041 | _aKannada | ||
| 082 | _aK894.3 PREH | ||
| 100 |
_aPREMALATA SUNDARESHAN _dಪ್ರೇಮಲತಾ ಸುಂದರೇಶನ್ _9213840 |
||
| 245 |
_aHappy Home _bಹ್ಯಾಪಿ ಹೋಮ್ |
||
| 260 |
_aBengaluru _bPrakasha Sahitya _c1986 |
||
| 300 | _a184 | ||
| 690 |
_aKannada Fiction _9213841 |
||
| 906 | _a040194 | ||
| 942 |
_2ddc _cBK |
||
| 999 |
_c89899 _d89899 |
||